| 000 | 01108cam a2200301 4500 | ||
|---|---|---|---|
| 001 | a4691384 | ||
| 003 | Co-BoUCM | ||
| 005 | 20191112095419.0 | ||
| 008 | 191112s2015 sp a | |||| 000 0 spa d | ||
| 015 | _aMON1003 | ||
| 020 | _a9788415309949 | ||
| 035 | _a(OCoLC)733875889 | ||
| 040 |
_aCo-BoUCM _bspa _cSaul Niño _dSaul Niño |
||
| 041 | 0 | _aspa | |
| 100 | 1 | 0 |
_aSorribas, Montserrat _999209 |
| 245 | 1 | 0 |
_aIntervención con familias y atención a menores con riesgo social _bCFGS, Educación Infantil Servicios Socioculturales y a la Comunidad _cMontserrat Sorribas, Alicia García López, Mercè Gras Magriñá |
| 260 |
_aBarcelona _bAltamar _c2015 |
||
| 300 |
_a160 páginas _bilustraciones |
||
| 650 | 7 |
_aTrabajo social con niños _925610 |
|
| 650 | 7 |
_aFamilia _915547 _xTrabajo social |
|
| 650 | 7 |
_aBienestar infantil _910080 |
|
| 650 | 7 |
_aDerechos del niño _912881 |
|
| 650 | 7 |
_aProblemas sociales _922324 |
|
| 700 | 1 | 0 |
_aGarcía López, Alicia _999210 |
| 700 | 1 | 0 |
_aMagriñá, Mercè Gras _999211 |
| 942 |
_2DEWEY _a5 _cLIBRO _e1 _h362.76 _mS714I |
||
| 999 |
_c315403 _d315403 |
||